000 00388cam a22001217a 4500
008 180718b xxu||||| |||| 00| 0 eng d
082 _aV4000x54 F989
100 _aIndia. Department of Ocean Development
245 _aFuture planning vision, 2015 (in Hindi)
_cDepartment of Ocean Development, India
260 _aNew Delhi
_bThe author
_c
300 _a36p.
650 _aOcean - Planning - India
999 _c487604
_d487604